000 00354 a2200169 4500
001 186556
020 _a85-16-01860-1
040 _cMagnum
100 _aMachado, Ana Maria
240 1 0 _aA cama da mamãe
_lpor
245 1 0 _aA cama da mamãe
300 _a28
362 0 _a1998
440 1 _aModerna
697 _aLITERATURA INFANTIL
942 _cBK
999 _c186556
_d186556